• 首页
  • 本馆介绍
  • 公告通知
  • 最新文献
  • 馆藏检索
  • 电子资源
  • 读者导购
  • 参考咨询
  • 我的图书馆
  • 登录
  • 详细信息显示
  • 放入我的书架
  • 预约/预借图书
  • 作者相关作品
  • 分类相关作品
  • 丛书相关作品
  • 出版社相关作品

书目信息

  • 表格格式
  • 工作单格式
  • 卡片格式
题名:
20世纪中国美术教育
    
 
作者: 潘耀昌 编
分册:  
出版信息: 上海   上海书画出版社  1999
页数: 589页
开本: 21cm
丛书名:
单 册:
中图分类: J120.97
科图分类:
主题词: 美术--教育--研究--中国--20世纪--文集 , 美术
电子资源:
ISBN: 7-80635-353-4
000 00994nam0 2200253 450
001 012007870991
005 20070716152431.20
010    @a7-80635-353-4@b精装@dCNY48.00
100    @a20070714d1999 km y0chiy0120 ea
101 0  @achi
102    @aCN@b310000
105    @ay z 000yy
106    @ar
200 1  @a20世纪中国美术教育@A20 shi ji zhong guo mei shu jiao yu@f潘耀昌编@Fpan yao chang bian
210    @a上海@c上海书画出版社@d1999
215    @a589页@d21cm
330    @a本书主要讲述了:20世纪中国历史是一个从传统走向现代的进程。在这个急剧改变着的过程中。西方的影响扮演了重要的解色,而归国留学生和游学生是主要的促进者。但是中国的现代化不是简单的西方化,而是在西方的影响下,经历中西文化的对峙、冲突、融合的复杂过程去实现的。
510 1  @aFine arts education of China in 20th centurny@zeng
606 0  @a美术@x教育@x研究@y中国@z20世纪@j文集
606 0  @a美术
690    @aJ120.97@v4
701  0 @a潘耀昌@Apan yao chang@4编
801  0 @aCN@bRULIN@c20070716
905    @dJ120.97@e83@s3
    
    20世纪中国美术教育/潘耀昌编.-上海:上海书画出版社,1999
    589页;21cm
    
    
    ISBN 7-80635-353-4(精装):CNY48.00
    本书主要讲述了:20世纪中国历史是一个从传统走向现代的进程。在这个急剧改变着的过程中。西方的影响扮演了重要的解色,而归国留学生和游学生是主要的促进者。但是中国的现代化不是简单的西方化,而是在西方的影响下,经历中西文化的对峙、冲突、融合的复杂过程去实现的。
●
相关链接 在E读中查询图书 在五车中查询图书 在当当中查询图书 在豆瓣中查询图书


正题名:20世纪中国美术教育     索取号:J120.97/83         预约/预借

序号 登录号 条形码 馆藏地/架位号 状态 备注
1 0583391   205833918   第一样本阅览室/ [索取号:J120.97/83] 在馆    
2 0583392   205833927   第一借阅区/ [索取号:J120.97/83] 在馆    
3 0583393   205833936   第一借阅区/ [索取号:J120.97/83] 在馆    
唐山师范学院图书馆 欢迎您!
大连网信软件有限公司© 版权所有